| Tag |
First Indicator |
Second Indicator |
Subfields |
| LEADER |
00000cam a2200000 a 4500 |
| 001 |
in00000028028 |
| 005 |
20151007055940.0 |
| 008 |
870601s1988 cau b s00110 eng |
| 010 |
|
|
|a 87016748
|
| 020 |
|
|
|a 0520060539 (alk. paper)
|
| 035 |
|
|
|a (OCoLC)16227870
|
| 035 |
|
|
|9 AAB9717AM
|
| 040 |
|
|
|a DLC
|c DLC
|d TXA
|d UtOrBLW
|
| 043 |
|
|
|a n-us---
|
| 049 |
|
|
|a TXAM
|c [A11496287]
|
| 050 |
0 |
0 |
|a HD8072.5
|b .F36 1988
|
| 082 |
0 |
|
|a 331.8/0973
|2 19
|
| 100 |
1 |
|
|a Fantasia, Rick.
|
| 245 |
1 |
0 |
|a Cultures of solidarity :
|b consciousness, action, and contemporary American workers /
|c Rick Fantasia.
|
| 264 |
|
1 |
|a Berkeley :
|b University of California Press,
|c [1988]
|
| 264 |
|
4 |
|c ©1988
|
| 300 |
|
|
|a xi, 304 pages ;
|c 24 cm.
|
| 336 |
|
|
|a text
|b txt
|2 rdacontent
|
| 337 |
|
|
|a unmediated
|b n
|2 rdamedia
|
| 338 |
|
|
|a volume
|b nc
|2 rdacarrier
|
| 504 |
|
|
|a Bibliography: pages 283-295.
|
| 500 |
|
|
|a Includes index.
|
| 650 |
|
0 |
|a Working class
|z United States
|x History
|y 20th century.
|
| 650 |
|
0 |
|a Labor unions
|z United States
|x History
|y 20th century.
|
| 650 |
|
0 |
|a Labor disputes
|z United States
|v Case studies.
|
| 650 |
|
0 |
|a Class consciousness
|z United States
|x History
|y 20th century.
|
| 999 |
|
|
|a MARS
|
| 999 |
f |
f |
|s 224cd166-27a8-36b5-997a-8fca2f8f2c31
|i e0bcd63d-6d1f-36de-92f4-5e1e932d4566
|t 0
|
| 952 |
f |
f |
|p ric
|a Texas A&M University
|b Rellis Campus
|c Joint Library Facility
|d Remote Storage
|t 0
|e HD8072.5 .F36 1988
|h Library of Congress classification
|i unmediated -- volume
|m A14811496287
|
| 998 |
f |
f |
|a HD8072.5 .F36 1988
|t 0
|l Remote Storage
|